000 00248nam a2200121Ia 4500
100 _a#N/A
942 _cBK
245 _aThe X team - JAVASERVER Pages Project for beginners
260 _b#N/A
082 _b21559
546 _aENGLISH
999 _c18450
_d18450